Pensamiento de los confines
Saved in:
| Institution som forfatter: | |
|---|---|
| Format: | Bog |
| Sprog: | spansk |
| Udgivet: |
Buenos Aires
Paidós
1998
|
| Fag: | |
| Tags: |
Tilføj Tag
Ingen Tags, Vær først til at tagge denne postø!
|
MARC
| LEADER | 00000nam a2200000 a 4500 | ||
|---|---|---|---|
| 001 | UCP5201 | ||
| 003 | CL-VaPUC | ||
| 008 | 990903e19980000AG |||||||||||||||||spa|d | ||
| 082 | 0 | 4 | |a 808.4 |b UNI |2 21 |
| 110 | 2 | |a Universidad de Buenos Aires |e author |9 433371 | |
| 245 | 1 | 0 | |a Pensamiento de los confines |
| 300 | |a 258 p | ||
| 942 | |c BK | ||
| 945 | |d 19990903 00:00:00 |a rbrito | ||
| 260 | |a Buenos Aires |b Paidós |c 1998 | ||
| 650 | 0 | |a Ensayos |9 268724 | |
| 650 | 7 | |a COLECCIONES DE ESCRITOS |2 CL-VaPUC |9 258877 | |
| 583 | |a last modification |c 19990903 00:00:00 |k Rodrigo Vera | ||
| 999 | |c 282989 |d 282987 | ||
| 952 | |0 0 |1 0 |4 0 |6 808_400000000000000_UNI_1998 |7 0 |8 A |9 325727 |a FDOPOS |b FDOPOS |d 2019-11-20 |i 3530124 |o 808.4 UNI 1998 |p 3530124 |r 2025-01-22 |w 2019-11-20 |y BK |k MLH | ||